01319nam a2200313 a 4500001001000000003000500010005001700015008004100032010001100073011001100084040000900095090001000104100003800114245020600152260004100358500006000399502011000459590004000569590004000609590004000649650003500689650005500724856007000779901000700849942001000856942000600866999001900872952011400891000115881CHAP20220329144552.0190718s2019 mx a sm |||||||spa d a112342 a113314 cCHAP aTesis1 aCruz Nastacio, Meregildo.912834010aSituación actual y perspectiva de los saberes agrícolas tradicionales campesinos e indígenas en Santa Catarina del Monte, Texcoco, Estado de México /h[En línea]cpor Meregildo Cruz Nastacio. aChapingo, Méx. :bEl autor,c2019. aPara ver el contenido del material haga clic en la liga aTesis (Doctor en Ciencias en Educación Agrícola Superior) -- UACH. Departamento de Sociología Rural aE8697GMMb05c20190718lUCH01h1308 aE8697GMMb05c20190718lUCH01h1310 aE8697GMMb05c20190719lUCH01h104714aAgricultura tradicional.9202914aDesarrollo de la comunidadxMéxico (Edo.)931972 aFinding aiduhttp://10.13.5.2/tesis/sist115881.pdfzTeclea aquí aBK cTESIS n0 c112342d112342 00102local40718TESISaBCbBCd2019-07-18fTESISl0oTesisp115892-10r2019-12-31 00:00:00w2019-07-18yCD